Central Library OPAC University of Rajshahi

Geometry for advanced pupils / (Record no. 50409)

MARC details
000 -LEADER
fixed length control field 00755nam a2200229 a 4500
001 - CONTROL NUMBER
control field 50409
003 - CONTROL NUMBER IDENTIFIER
rucl marc code BD-RjUL
005 - DATE AND TIME OF LATEST TRANSACTION
control field 20211209075514.0
008 - FIXED-LENGTH DATA ELEMENTS--GENERAL INFORMATION
fixed length control field 160827s1953 enka 000 0 eng d
035 ## - SYSTEM CONTROL NUMBER
System control number (BD-RjUL)50529
040 ## - CATALOGING SOURCE
Original cataloging agency BD-RjUL
Language of cataloging eng
Transcribing agency BD-RjUL
041 ## - LANGUAGE CODE
Language code of text/sound track or separate title eng
082 ## - DEWEY DECIMAL CLASSIFICATION NUMBER
Edition number 23
Classification number 513.1
Author mark and year MAG 1953
100 1# - MAIN ENTRY--PERSONAL NAME
Personal name Maxwell, E. A.
Fuller form of name (Edwin Arthur)
9 (RLIN) 151048
245 10 - TITLE STATEMENT
Title Geometry for advanced pupils /
Statement of responsibility, etc. by E. A. Maxwell.
250 ## - EDITION STATEMENT
Edition statement Corr. ed.
260 ## - PUBLICATION, DISTRIBUTION, ETC. (IMPRINT)
Place of publication, distribution, etc. Oxford :
Name of publisher, distributor, etc. Clarendon Press,
Date of publication, distribution, etc. 1953.
300 ## - PHYSICAL DESCRIPTION
Pagination 176 p. :
Illustrations ill. ;
Size 22 cm.
500 ## - GENERAL NOTE
General note "Reprinted lithographically in Great Britain at the University Press Oxford, from corrected sheets of the first edition." -- t.p. verso
650 #0 - SUBJECT ADDED ENTRY--TOPICAL TERM
Topical term or geographic name as entry element Geometry, Plane.
9 (RLIN) 151049
942 ## - ADDED ENTRY ELEMENTS (KOHA)
Source of classification or shelving scheme Dewey Decimal Classification
Koha item type Books
Holdings
Lost status Source of classification or shelving scheme Damaged status Not for loan Collection code Permanent Location Current Location Shelving location Date acquired Source of acquisition Cost, normal purchase price Total Checkouts Full call number Date last seen Copy number Koha item type
  Dewey Decimal Classification     Non-fiction Central Library, University of Rajshahi Central Library, University of Rajshahi   16/11/1957 Oxford University Press 12.30   513.1 MAG 1953 27/08/2016 C-2 Books
  Dewey Decimal Classification     Non-fiction Central Library, University of Rajshahi Central Library, University of Rajshahi   13/05/1970 Zeitlinger 17.60   513.1 MAG 1966 27/08/2016 C-3 Books